LEADER 01154nam a2200301 i 4500 001 991002061149707536 005 20020507155654.0 008 000510s1985 it ||| | ita 020 $a8820314770 035 $ab11603161-39ule_inst 035 $aLE02729795$9ExL 040 $aDip.to Studi Giuridici$bita 082 0 $a348.4502402469 084 $aCG-I/C 100 1 $aItalia, Vittorio$0334403 245 10$aLeggi usuali del geometra :$bi testi sono ordinati secondo i vigenti programmi ministeriali per gli istituti tecnici \ [a cura di] Vittorio Italia, Chiara Italia 250 $a8. ed. riv. integrata ed aggiornata 260 $aMilano :$bU. Hoepli,$cc1985 300 $axxii, 1496 p. ;$c16 cm. 490 0 $aManuali Hoepli Leggi usuali 651 4$aItalia$xLegislazione - Manuali per geometri 700 1 $aItalia, Chiara 907 $a.b11603161$b01-03-17$c02-07-02 912 $a991002061149707536 945 $aLE027 CG-I/C 33$g1$iLE027I-3381$lle027$o-$pE0.00$q-$rl$s- $t0$u0$v0$w0$x0$y.i11816004$z02-07-02 996 $aLeggi usuali del geometra$9896943 997 $aUNISALENTO 998 $ale027$b01-01-00$cm$da $e-$fita$git $h0$i1 LEADER 01240nam0 22003131i 450 001 UON00083140 005 20231205102435.946 010 $a28-653-7897-7 100 $a20020107d2000 |0itac50 ba 101 $afre 102 $aFR 105 $a|||| ||||| 200 1 $aPresse et democratie en afrique francophone$eles mots et les maux de la transition au Benin et au Niger$fMarie-Soleil Frere 210 $aParis$cKarthala$dc2000 215 $a540 p.$d25 cm 410 1$1001UON00065652$12001 $aHommes et sociétés$fCollection dirigée par Jean Copans 606 $aStampa$xBenin$3UONC025263$2FI 606 $aStampa$xNiger$3UONC025264$2FI 620 $aFR$dParis$3UONL002984 676 $a079.6683$cSTAMPA - Benin$v21 676 $a079.6626$cSTAMPA - Niger$v21 700 1$aFRERE$bMarie-Soleil$3UONV054789$0662394 712 $aKarthala$3UONV251150$4650 801 $aIT$bSOL$c20250808$gRICA 899 $aSIBA - SISTEMA BIBLIOTECARIO DI ATENEO$2UONSI 912 $aUON00083140 950 $aSIBA - SISTEMA BIBLIOTECARIO DI ATENEO$dSI SP 311 $eSI AA 23221 5 311 996 $aPresse et democratie en afrique francophone$91295840 997 $aUNIOR